[Event "KIrov Shakhova Memorial 12th"]
[Site "Kirov"]
[Date "2019.10.18"]
[Round "7"]
[White "Kuznetsov, Dmitri1"]
[Black "Shuljya, Alexander"]
[Result "1-0"]
[WhiteElo "1530"]
[BlackElo "1680"]
[PlyCount "93"]
[EventDate "2019.10.05"]
[EventType "tourn"]
[EventRounds "11"]
[EventCountry "RUS"]
[SourceTitle "CBM 193 Extra"]
[Source "ChessBase"]
[SourceDate "2020.01.31"]
[SourceVersion "1"]
[SourceVersionDate "2020.01.31"]
[SourceQuality "1"]

1. e4 Nf6 2. Nc3 d5 3. exd5 Nxd5 4. Nxd5 Qxd5 5. d4 Nc6 6. c3 Bf5 7. Nf3 e6 8. Bf4 Qe4+ 9. Be3 Be7 10. Be2 Bf6 11. Qb3 Rb8 12. Nd2 Qd5 13. Bf3 Qd7 14. Ne4 Be7 15. 0-0-0 Na5 16. Qc2 Nc4 17. Qe2 Nxe3 18. fxe3 Qa4 19. Kb1 b5 20. b3 Qa5 21. Qd2 0-0 22. Ka1 Qb6 23. g4 Bg6 24. h4 f5 25. Ng3 fxg4 26. Bxg4 Bf5 27. Be2 Rf6 28. e4 Bg6 29. h5 Be8 30. e5 Rh6 31. Rhg1 Kh8 32. Rdf1 c5 33. Qg5 Qd8 34. Ne4 Rg6 35. hxg6 Bxg6 36. Qe3 cxd4 37. cxd4 Bf5 38. Bd3 Qc7 39. Rc1 Qd8 40. Rcf1 Qc7 41. Kb2 b4 42. Rc1 Qd7 43. Rc4 Rd8 44. Nf6 Bxf6 45. exf6 gxf6 46. Bxf5 exf5 47. Qg3 1-0

[Event "KIrov Shakhova Memorial 12th"]
[Site "Kirov"]
[Date "2019.10.06"]
[Round "3"]
[White "Malyshev, Evgeny2"]
[Black "Shuljya, Alexander"]
[Result "1-0"]
[WhiteElo "2141"]
[BlackElo "1680"]
[PlyCount "93"]
[EventDate "2019.10.05"]
[EventType "tourn"]
[EventRounds "11"]
[EventCountry "RUS"]
[SourceTitle "CBM 193 Extra"]
[Source "ChessBase"]
[SourceDate "2020.01.31"]
[SourceVersion "1"]
[SourceVersionDate "2020.01.31"]
[SourceQuality "1"]

1. d4 d5 2. c4 e6 3. Nf3 c6 4. Nc3 Nf6 5. Bg5 Be7 6. e3 Nbd7 7. Qc2 0-0 8. cxd5 exd5 9. Bd3 a6 10. 0-0 h6 11. Bh4 Kh8 12. Rfe1 Re8 13. Bg3 Nh5 14. Nxd5 Nxg3 15. Nxe7 Qxe7 16. hxg3 Nf6 17. Rac1 Be6 18. a3 Rad8 19. Ne5 Ng4 20. Nxg4 Bxg4 21. Qd2 Qd6 22. b4 Qf6 23. a4 Rd5 24. Rc5 Rxc5 25. bxc5 Rd8 26. Be4 Qe7 27. Qc2 Bc8 28. Rd1 Qe6 29. Bf3 g6 30. e4 Kg8 31. d5 cxd5 32. exd5 Qe5 33. Qd2 h5 34. Qd4 Qxd4 35. Rxd4 Kf8 36. Rb4 Ke8 37. Kf1 f5 38. Rb6 Kf7 39. Ke2 Re8+ 40. Kd3 Re1 41. d6 Rc1 42. Kd4 Ra1 43. Bd5+ Ke8 44. Bxb7 Rxa4+ 45. Kd5 Bd7 46. Bc6 Bxc6+ 47. Kxc6 1-0

[Event "Kirov Chudinovskikh Memorial 5th"]
[Site "Kirov"]
[Date "2018.08.08"]
[Round "8"]
[White "Bogdan, Evgenij"]
[Black "Shuljya, Alexander"]
[Result "0-1"]
[WhiteElo "1536"]
[BlackElo "1719"]
[PlyCount "56"]
[EventDate "2018.07.29"]
[EventType "swiss"]
[EventRounds "10"]
[EventCountry "RUS"]
[SourceTitle "CBM 186 Extra"]
[Source "ChessBase"]
[SourceDate "2018.08.24"]
[SourceVersion "1"]
[SourceVersionDate "2018.08.24"]
[SourceQuality "1"]

1. c4 Nf6 2. Nc3 e6 3. e3 d5 4. d4 Nbd7 5. Nf3 c6 6. a3 Bd6 7. b4 a6 8. c5 Bc7 9. a4 b6 10. Bb2 bxc5 11. dxc5 Rb8 12. Nd4 Bb7 13. Bxa6 Qc8 14. Nxc6 Bxa6 15. Nxb8 Qxb8 16. Ba3 Bc4 17. h3 Ne5 18. Kd2 Nd3 19. f3 Nf2 20. Qc2 Nxh1 21. Rxh1 0-0 22. Rb1 Rd8 23. Ne2 e5 24. Ke1 e4 25. Nc1 Bg3+ 26. Kd1 exf3 27. gxf3 Qe5 28. Ne2 Qxe3 0-1